Understanding the cults / (Record no. 2348)

MARC details
000 -LEADER
fixed length control field 00909nam a2200277 a 4500
001 - CONTROL NUMBER
control field 3735315
003 - CONTROL NUMBER IDENTIFIER
control field GBCCL
005 - DATE AND TIME OF LATEST TRANSACTION
control field 20241126110427.0
008 - FIXED-LENGTH DATA ELEMENTS--GENERAL INFORMATION
fixed length control field 830301s1982 cau b 000 0 eng
010 ## -
-- 81081850
020 ## - INTERNATIONAL STANDARD BOOK NUMBER
International Standard Book Number 0866050906 (pbk.)
040 ## - CATALOGING SOURCE
Original cataloging agency DLC
Transcribing agency DLC
Modifying agency DLC
050 00 -
-- BP603
-- .M37 1982
082 00 - DEWEY DECIMAL CLASSIFICATION NUMBER
Classification number 209.0202
Edition information 19
Item number MCD
100 1# - MAIN ENTRY--PERSONAL NAME
Personal name McDowell, Josh.
9 (RLIN) 1225
245 10 - TITLE STATEMENT
Title Understanding the cults /
Statement of responsibility, etc. Josh McDowell & Don Stewart.
260 ## - PUBLICATION, DISTRIBUTION, ETC.
Place of publication, distribution, etc. San Bernadino, Calif. :
Name of publisher, distributor, etc. Campus Crusade for Christ :
-- Here's Life Publishers,
Date of publication, distribution, etc. c1982.
300 ## - PHYSICAL DESCRIPTION
Extent 199 p. ;
Dimensions 21 cm.
490 1# - SERIES STATEMENT
Series statement Handbook of today's religions / Josh McDowell
504 ## - BIBLIOGRAPHY, ETC. NOTE
Bibliography, etc. note Bibliography: p. 189-199.
650 #0 - SUBJECT ADDED ENTRY--TOPICAL TERM
Topical term or geographic name entry element Cults.
9 (RLIN) 1515
700 1# - ADDED ENTRY--PERSONAL NAME
Personal name Stewart, Don Douglas.
9 (RLIN) 1227
800 1# -
-- McDowell, Josh.
-- Handbook of today's religions.
-- 1228
906 ## - LOCAL DATA ELEMENT F, LDF (RLIN)
a 7
b cbc
c orignew
d 3
e opcn
f 19
g y-gencatlg
942 ## - ADDED ENTRY ELEMENTS (KOHA)
Source of classification or shelving scheme Dewey Decimal Classification
Koha item type Books
Koha issues (borrowed), all copies 9
Holdings
Withdrawn status Lost status Source of classification or shelving scheme Damaged status Not for loan Home library Current Library Shelving location Date acquired Total checkouts Total renewals Full call number Barcode Date last seen Date last checked out Copy number Price effective from Koha item type
    Dewey Decimal Classification     GRACE BIBLE COLLEGE GRACE BIBLE COLLEGE Philosophy and Religion 2017-08-07 9 1 209.0202 MCD 000889 2025-05-01 2024-02-24 c.1 2017-08-07 Books
© Grace Bible College Library 2025